00413nam a2200157Ia 4500100001800000650001200018942000700030654001300037245002200050260002600072082001000098300000800108546001200116999001700128952011000145 aKysin/Naumov  aGeneral cBK aPractice aAssembly Practice bMir Publishersc2001 a670.4 a372 aENGLISH c21096d21096 001040708AFTaCRCEbCRCEd2023-03-17g7.20i3423l0o670.4 pAFT1042r2023-03-17v7.20w2023-03-17yBK